000 00547nam a2200193Ia 4500
008 131103s9999 xx 000 0 und d
040 _aLoreto College
041 _aEnglish
082 _a821.17/CHA
_b- PRE LCLIB/24961(Press)
100 _aPearce, L.K.
245 4 _aThe pardoner's tale
_b Notes, translation and text
_cL.K.Pearce
260 _aLondon
_bColes
_c1966
300 _a70p.
_c 20cm.
440 _aChaucer's canterbury tales
650 _aChaucer
651 _aEnglish Poetry
850 _aLCLIB/821.17/CHA - PEA
942 _cBK
999 _c24659
_d75138